000 00785cab a2200241 4500
001 WB3501-39
008 090401t1999 xxu||||| |||| 00| 0 eng d
035 _a(Sirsi) u90528
041 _aeng
245 4 _aThe right to buy
260 _c1999
350 _a0
490 _aGuardian
_v5 January 1999, 15(3)
520 _aLooks at the social and economic implications of the Right to Buy policy which led to nearly one-third of council tenants choosing to purchase their properties between 1979 and 1997.
650 _aCOUNCIL HOUSING
650 _aCOUNCIL TENANTS
650 _aLOCAL AUTHORITY HOUSING
650 _aOWNER-OCCUPIERS
650 _aRIGHT TO BUY
690 _aPROPERTY-RESIDENTIAL PROPERTY-RESIDENTIAL PROPERTY MARKET
942 _n0
948 _c05/01/1999
999 _c57405
_d57405